Most Populous Cities in the U.S. - 1970 Census - Statistics

General Stats
  • This quiz has been taken 23 times
  • The average score is 86 of 100
Answer Stats
Answer State Population % Correct
Austin TX 251,808
100%
Chicago IL 3,366,957
100%
Dallas TX 844,401
100%
Houston TX 1,232,802
100%
Los Angeles CA 2,816,061
100%
New York City NY 7,894,862
100%
Philadelphia PA 1,948,609
100%
Phoenix AZ 581,562
100%
San Antonio TX 654,153
100%
San Diego CA 696,769
100%
San Jose CA 445,779
100%
Akron OH 275,425
89%
Anaheim CA 166,701
89%
Atlanta GA 496,973
89%
Baltimore MD 905,759
89%
Baton Rouge LA 165,963
89%
Birmingham AL 300,910
89%
Boston MA 641,071
89%
Buffalo NY 462,768
89%
Cincinnati OH 452,524
89%
Cleveland OH 750,903
89%
Columbus OH 539,677
89%
Columbus GA 154,168
89%
Dayton OH 243,601
89%
Denver CO 514,678
89%
Detroit MI 1,511,482
89%
El Paso TX 322,261
89%
Flint MI 193,317
89%
Fort Wayne IN 177,671
89%
Fort Worth TX 393,476
89%
Fresno CA 165,972
89%
Gary IN 175,415
89%
Grand Rapids MI 197,649
89%
Honolulu HI 324,871
89%
Indianapolis IN 744,624
89%
Jackson MS 153,968
89%
Jacksonville FL 528,865
89%
Jersey City NJ 260,545
89%
Kansas City MO 507,087
89%
Kansas City KS 168,213
89%
Knoxville TN 174,587
89%
Lincoln NE 149,518
89%
Louisville KY 361,472
89%
Madison WI 173,258
89%
Memphis TN 623,530
89%
Miami FL 334,859
89%
Milwaukee WI 717,099
89%
Minneapolis MN 434,400
89%
Mobile AL 190,026
89%
Nashville TN 448,003
89%
Newark NJ 382,417
89%
New Orleans LA 593,471
89%
Norfolk VA 307,951
89%
Oklahoma City OK 366,481
89%
Omaha NE 347,328
89%
Pittsburgh PA 520,117
89%
Portland OR 382,619
89%
Richmond VA 249,621
89%
Rochester NY 296,233
89%
Sacramento CA 254,413
89%
San Francisco CA 715,674
89%
Seattle WA 530,831
89%
Shreveport LA 182,064
89%
Spokane WA 170,516
89%
St. Louis MO 622,236
89%
St. Paul MN 309,980
89%
Syracuse NY 197,208
89%
Tampa FL 277,767
89%
Toledo OH 383,818
89%
Tucson AZ 262,933
89%
Tulsa OK 331,638
89%
Washington DC 756,510
89%
Albuquerque NM 243,751
78%
Bridgeport CT 156,542
78%
Charlotte NC 241,178
78%
Corpus Christi TX 204,525
78%
Des Moines IA 200,587
78%
Evansville IN 138,764
78%
Hartford CT 158,017
78%
Oakland CA 361,561
78%
Paterson NJ 144,824
78%
Providence RI 179,213
78%
Salt Lake City UT 175,885
78%
Springfield MA 163,905
78%
St. Petersburg FL 216,232
78%
Tacoma WA 154,581
78%
Virginia Beach VA 172,106
78%
Wichita KS 276,554
78%
Worcester MA 176,572
78%
Yonkers NY 204,297
78%
Arlington VA 174,284
67%
Greensboro NC 144,076
67%
Long Beach CA 358,633
67%
Lubbock TX 149,101
67%
Riverside CA 140,089
67%
Rockford IL 147,370
67%
Santa Ana CA 156,601
67%
Youngstown OH 139,788
67%
Fort Lauderdale FL 139,590
56%
Warren MI 179,260
44%
No matching quizzes found
Score Distribution
Percent of People with Each Score
Percentile by Number Answered
Your Score History
You have not taken this quiz